| 000 | | | 04227nmc2a2200000 x 450 |
| 001 | | | cedd1b6b-b5f0-44ba-83b1-1b026ace1d41 |
| 005 | | | 20151215110104.0 |
| 100 | ## | $a | 20150817l18291832k l0rusy0189 ca |
| 101 | 0# | $a | rus |
| 102 | ## | $a | RU |
| 200 | 1# | $a | Дело об ассигновании средств из хозяйственной суммы Харьковского университета на приобретение инструментов и приборов для акушерского заведения при университете |
| | $j | 18 ноября 1829 г. - 21 мая 1832 г. |
| 251 | ## | $c | Дело |
| 300 | ## | $a | Дело |
| 300 | ## | $a | Ориг. заголовок дела: Дело по представлению господина попечителя Харьковского учебного округа об употреблении из хозяйственной университетской суммы 3000 рублей на разные предметы для акушерского заведения. 18 ноября 1829 г. - 26 ноября 1829 г |
| 801 | #0 | $a | RU |
| | $b | РГИА |
| | $c | 20150817 |
| | $g | RCR |
| 801 | #1 | $a | RU |
| | $b | ГлавНИВЦ |
| | $c | 20150817 |
| | $2 | rusmarc |
| 801 | #2 | $a | RU |
| | $b | ПБ им. Б.Н. Ельцина |
| | $c | 20151215 |
| | $g | RCR |
| | $2 | rusmarc |
| 850 | ## | $a | РГИА |
| 852 | ## | $a | РГИА |
| | $e | Федеральное казенное учреждение "Российский государственный исторический архив" (РГИА) |
| | $j | 204 |
| 937 | ## | $h | РГИА |
| | $d | 12088176 |
| | $a | ASBIBLIO_SCAN |
| 462 | #0 | $1 | 00110dcdccd-ec79-4ee8-a204-b9d031b41c04 |
| | $1 | 2001 |
| | $a | Медицинские дела Департамента народного просвещения |
| | $1 | 251 |
| | $c | Опись |
| | $1 | 852 |
| | $j | 99 |
| 461 | #0 | $1 | 001a74412a3-3cc5-4d21-8f0a-dfe2fbd9e72d |
| | $1 | 2001 |
| | $a | Департамент народного просвещения Министерства народного просвещения |
| | $1 | 251 |
| | $c | Фонд |
| | $1 | 852 |
| | $j | 733 |
| 215 | ## | $a | 71 л. |
| | $d | 36,5х26 см |
| 371 | ## | $a | Документ не является опубликованным и широко распространяемым |
| 105 | ## | $a | y### |
| 122 | 2# | $a | d |
| 517 | 1# | $a | Дело по представлению господина попечителя Харьковского учебного округа об употреблении из хозяйственной университетской суммы 3000 рублей на разные предметы для акушерского заведения. 18 ноября 1829 г. - 26 ноября 1829 г |
| 035 | ## | $a | cedd1b6b-b5f0-44ba-83b1-1b026ace1d41 |